[Event "AUTO-OPEN-2753"]
[Site "http://www.queenalice.com/game.php?id=1176473"]
[Date "2013.4.29"]
[Round "2"]
[White "jwb"]
[Black "sixk3b3g"]
[Result "0-1"]
[WhiteElo "1920"]
[BlackElo "2491"]

1. d4 Nf6 2. Nf3 c5 3. Bf4 g6 4. e4 Nxe4 5. Bd3 Nf6 6. dxc5 Qa5+ 7. c3 Qxc5 8.
O-O Bg7 9. Qc1 O-O 10. Bh6 Nc6 11. Re1 Bxh6 12. Qxh6 Qxf2+ 13. Kh1 Ng4 14. Qd2
Qc5 15. Re2 Qh5 16. Kg1 Nce5 17. h3 Nxf3+ 18. gxf3 Ne5 19. Rxe5 Qxe5 20. Qh6
Qg3+ 21. Kf1 Qxf3+ 22. Ke1 Qxd3 0-1

[Event "AUTO-OPEN-2753"]
[Site "http://www.queenalice.com/game.php?id=1176474"]
[Date "2013.4.29"]
[Round "2"]
[White "sixk3b3g"]
[Black "jwb"]
[Result "1-0"]
[WhiteElo "2479"]
[BlackElo "1902"]

1. e4 Nc6 2. d4 d5 3. exd5 Qxd5 4. Be3 Nf6 5. c4 Qf5 6. Be2 Qg6 7. Bf3 Bf5 8. a3
e5 9. Bxc6+ bxc6 10. Nf3 e4 11. Nh4 Qg4 12. Qa4 Bd7 13. g3 Be7 14. Qc2 O-O 15.
h3 Qh5 16. Nd2 Rab8 17. Ng2 Bd6 18. c5 Be7 19. Nf4 Qf5 20. g4 Qd5 21. Nxd5 Nxd5
22. Nc4 1-0

[Event "AUTO-OPEN-2753"]
[Site "http://www.queenalice.com/game.php?id=1176475"]
[Date "2013.4.29"]
[Round "2"]
[White "jwb"]
[Black "sia"]
[Result "0-1"]
[WhiteElo "1915"]
[BlackElo "2022"]

1. d4 d6 2. Nf3 Nf6 3. Bf4 e6 4. e3 Nh5 5. c4 Nxf4 6. exf4 Be7 7. Bd3 Nc6 8. d5
Nb8 9. Nc3 Na6 10. a3 Bd7 11. O-O exd5 12. Nxd5 O-O 13. Nxe7+ Qxe7 14. Re1 Qf6
15. Qd2 Nc5 16. g3 Nb3 17. Qc2 Nxa1 18. Rxa1 h6 19. Re1 Rae8 20. Rd1 Bg4 21. Kg2
g5 22. h3 Bxf3+ 23. Kxf3 Re7 24. Kg2 gxf4 25. h4 fxg3 26. fxg3 Rfe8 27. Rf1 Qg7
28. Qa4 Qxb2+ 29. Kh3 Qd4 30. Qc2 f6 31. Rf4 Qa1 32. Bh7+ Rxh7 33. Kg2 Rg7 34.
a4 Qe1 35. Rf2 Qe4+ 36. Qxe4 Rxe4 37. Rc2 Rxh4 38. Rc3 Rd4 39. c5 dxc5 40. Rxc5
Rxa4 41. Kf3 Ra3+ 42. Kf4 Raxg3 0-1

[Event "AUTO-OPEN-2753"]
[Site "http://www.queenalice.com/game.php?id=1176476"]
[Date "2013.4.29"]
[Round "2"]
[White "sia"]
[Black "jwb"]
[Result "0-1"]
[WhiteElo "1988"]
[BlackElo "1900"]

1. g3 d5 2. Bg2 e5 3. d3 Nc6 4. Nf3 Bc5 5. Nc3 Nf6 6. Bg5 h6 7. Bxf6 Qxf6 8.
Nxd5 Qd6 9. c4 Be6 10. Nd2 a6 11. Ne4 Bb4+ 12. Kf1 Qd8 13. Qb3 a5 14. Nxb4 Nxb4
15. Nc5 b6 16. Nxe6 fxe6 17. Bxa8 Qxa8 18. e4 O-O 19. a3 Nc6 20. Qb5 Nd4 21. Qd7
Rf7 22. Qa4 Rf3 23. Qd1 Qf8 24. Kg2 Rxf2+ 25. Kh3 Nf3 26. g4 Qf6 27. Qxf3 Qxf3+
28. Kh4 g5+ 29. Kh5 Qh3+ 30. Kg6 Qf3 31. Kxh6 Qxg4 32. h4 Rf6# 0-1

[Event "AUTO-MASTER-1903"]
[Site "http://www.queenalice.com/game.php?id=1198069"]
[Date "2013.7.8"]
[Round "1"]
[White "jwb"]
[Black "GI2013"]
[Result "0-1"]
[WhiteElo "1872"]
[BlackElo "2147"]

1. d4 d5 2. Nf3 c5 3. Bf4 cxd4 4. Nxd4 Nc6 5. e3 Nf6 6. Bb5 Bd7 7. c4 a6 8. Nxc6
bxc6 9. Ba4 e6 10. O-O Be7 11. cxd5 cxd5 12. Nc3 O-O 13. Be5 Bxa4 14. Nxa4 Bd6
15. Bd4 Qe7 16. Re1 h6 17. Rc1 Rac8 18. Qe2 e5 19. Bc3 Qb7 20. b3 Rfe8 21. Rc2
Rc6 22. Rcc1 d4 23. exd4 exd4 24. Qc2 Rxe1+ 25. Rxe1 dxc3 26. Rd1 Qc7 27. h3 Bf4
28. b4 Bd2 29. Nc5 a5 30. a3 axb4 31. axb4 Nd5 32. Qa4 Nxb4 33. Qxb4 Rxc5 34.
Qa3 c2 35. Qa8+ Kh7 36. Qe4+ f5 37. Qe2 cxd1=Q+ 38. Qxd1 Rc1 0-1

[Event "AUTO-MASTER-1903"]
[Site "http://www.queenalice.com/game.php?id=1198070"]
[Date "2013.7.8"]
[Round "1"]
[White "GI2013"]
[Black "jwb"]
[Result "1-0"]
[WhiteElo "2043"]
[BlackElo "1862"]

1. e4 Nc6 2. Nf3 d6 3. d4 Nf6 4. Nc3 Bg4 5. Be3 e6 6. h3 Bh5 7. d5 Ne5 8. g4 Bg6
9. g5 Nxe4 10. Nxe5 dxe5 11. Bb5+ Ke7 12. Nxe4 exd5 13. Ng3 c6 14. Bf1 d4 15.
Bd2 Kd7 16. Bg2 Be7 17. h4 Kc7 18. h5 d3 19. hxg6 hxg6 20. f4 Qd6 21. c3 Rxh1+
22. Bxh1 exf4 23. Ne4 Qe5 24. Qg4 f5 25. gxf6 gxf6 26. Bxf4 Rh8 27. Bxe5+ fxe5
28. O-O-O Rd8 29. Qe6 1-0

[Event "AUTO-MASTER-1903"]
[Site "http://www.queenalice.com/game.php?id=1198071"]
[Date "2013.7.8"]
[Round "1"]
[White "jwb"]
[Black "seega"]
[Result "0-1"]
[WhiteElo "1862"]
[BlackElo "2207"]

1. d4 Nf6 2. Nf3 b6 3. Bf4 Bb7 4. e3 g6 5. c4 Bg7 6. Nc3 d6 7. Bd3 Nbd7 8. Qa4
O-O 9. O-O Re8 10. Rfe1 e5 11. dxe5 dxe5 12. Bg3 e4 13. Nxe4 Nxe4 14. Rad1 Nxg3
15. hxg3 Nc5 16. Qc2 Nxd3 17. Qxd3 Qxd3 18. Rxd3 Bxf3 19. gxf3 Bxb2 20. Re2 Be5
21. f4 Bd6 22. e4 Rad8 23. e5 Be7 24. Rde3 Bc5 25. Re4 Rd3 26. g4 Rg3+ 27. Kf1
Rxg4 28. e6 Rxe6 29. Rxe6 fxe6 30. Rxe6 Rxf4 31. Re8+ Kg7 32. Rd8 Rxf2+ 33. Ke1
Rxa2 34. Rd7+ Kh6 35. Rxc7 g5 36. Kf1 g4 37. Rd7 g3 0-1

[Event "AUTO-MASTER-1903"]
[Site "http://www.queenalice.com/game.php?id=1198072"]
[Date "2013.7.8"]
[Round "1"]
[White "seega"]
[Black "jwb"]
[Result "1-0"]
[WhiteElo "2233"]
[BlackElo "1918"]

1. Nf3 d5 2. d4 Nf6 3. c4 Bf5 4. Nc3 e6 5. Bg5 h6 6. Bxf6 Qxf6 7. Qb3 b6 8. cxd5
Bd6 9. e4 Bxe4 10. Nxe4 Qe7 11. Nxd6+ Qxd6 12. Bb5+ Ke7 13. dxe6 fxe6 14. O-O a6
15. Bc4 b5 16. Bxe6 Kd8 17. Ne5 Ke7 18. Ng6+ Kf6 19. Nxh8 Nc6 20. Qf3+ Kxe6 21.
Qf7# 1-0

[Event "AUTO-MASTER-1903"]
[Site "http://www.queenalice.com/game.php?id=1198073"]
[Date "2013.7.8"]
[Round "1"]
[White "jwb"]
[Black "FabioSelinger"]
[Result "0-1"]
[WhiteElo "1883"]
[BlackElo "2010"]

1. d4 d5 2. Nf3 Nf6 3. Bf4 e6 4. e3 c5 5. c4 cxd4 6. Nxd4 Bb4+ 7. Nc3 Ne4 8. Qb3
Bxc3+ 9. bxc3 a6 10. f3 Nc5 11. Qc2 dxc4 12. Bxc4 b5 13. Bb3 O-O 14. Rd1 Qa5 15.
Bd6 Nxb3 16. Bxf8 Nxd4 17. Rxd4 Kxf8 18. Kf2 Nd7 19. Qxh7 Qxc3 20. Rhd1 Ke7 21.
Qxg7 Nf6 22. Qg5 Ra7 23. Rf4 a5 24. h4 b4 25. h5 Rc7 26. Re1 Ba6 27. h6 Qd2+ 28.
Kg3 Qxe1+ 29. Kh2 Qc3 30. h7 Rc8 31. e4 Rh8 32. Rh4 Kd7 33. Qg7 Rxh7 34. Rxh7
Nxh7 35. Qxc3 bxc3 0-1

[Event "AUTO-MASTER-1903"]
[Site "http://www.queenalice.com/game.php?id=1198074"]
[Date "2013.7.8"]
[Round "1"]
[White "FabioSelinger"]
[Black "jwb"]
[Result "1-0"]
[WhiteElo "2021"]
[BlackElo "1872"]

1. e4 Nc6 2. Nf3 d6 3. d4 Nf6 4. Bd3 Bg4 5. c3 e6 6. O-O Be7 7. Be3 O-O 8. Nbd2
d5 9. exd5 exd5 10. Qc2 Na5 11. b3 b6 12. Ne5 Qd6 13. Bf4 Qe6 14. Rae1 Qc8 15.
Nxg4 Qxg4 16. Bxc7 Rac8 17. Rxe7 Nc6 18. Bf5 Qg5 19. Bxc8 Nxe7 20. Ba6 Nf5 21.
Nf3 Qg6 22. Bd3 Ne4 23. Bxe4 dxe4 24. Qxe4 f6 25. d5 Re8 26. Qa4 Ra8 27. Nh4
Nxh4 28. Bg3 Nf5 29. Qc6 Re8 30. d6 h6 31. d7 Rf8 32. Qc8 h5 33. Qxf8+ Kxf8 34.
d8=Q+ Kf7 35. Qd5+ Kf8 36. Bd6+ Nxd6 37. Qxd6+ Kg8 38. Rd1 Qc2 39. Qd8+ Kh7 40.
Qd3+ 1-0

[Event "AUTO-INT-2389"]
[Site "http://www.queenalice.com/game.php?id=1198716"]
[Date "2013.7.11"]
[Round "3"]
[White "jwb"]
[Black "TorresR"]
[Result "0-1"]
[WhiteElo "1903"]
[BlackElo "1796"]

1. d4 d5 2. Nf3 c5 3. Bf4 cxd4 4. Nxd4 Qb6 5. b3 Nc6 6. Nxc6 Qxc6 7. e3 Bf5 8.
c4 Rd8 9. Nd2 e6 10. Be2 Bb4 11. O-O Nf6 12. Rc1 d4 13. Bf3 Qc5 14. e4 Bxd2 15.
Qxd2 Nxe4 16. Bxe4 Bxe4 17. Rfe1 f5 18. Qb2 d3 19. Qxg7 Rf8 20. Qxh7 d2 21. Qg6+
Rf7 22. Qxe6+ Kf8 23. Bh6+ Kg8 24. Qg6+ Kh8 25. Qxf7 Qd4 26. Bxd2 Qxd2 27. h4
Rg8 28. g3 Qd3 29. Rcd1 Rxg3+ 30. fxg3 Qxg3+ 0-1

[Event "AUTO-INT-2389"]
[Site "http://www.queenalice.com/game.php?id=1198717"]
[Date "2013.7.11"]
[Round "3"]
[White "TorresR"]
[Black "jwb"]
[Result "0-1"]
[WhiteElo "1772"]
[BlackElo "1860"]

1. e4 Nc6 2. d4 e6 3. Nf3 h6 4. Bd3 Nf6 5. e5 Nd5 6. c4 Ndb4 7. a3 Nxd3+ 8. Qxd3
b6 9. Nc3 d5 10. cxd5 exd5 11. O-O a5 12. Re1 Ba6 13. Nb5 Ne7 14. a4 Nc6 15. e6
fxe6 16. Rxe6+ Ne7 17. Ne5 Qc8 18. Qg6+ Kd8 19. Nc6+ Kd7 20. Bf4 Nxg6 21. Rxg6
Bb7 22. Ne5+ Ke7 23. Re1 Qf5 24. Nxc7 Rc8 25. g4 Qxf4 26. Nd3+ Kf7 27. Nxf4 Rxc7
28. Rxb6 Rg8 29. Ng6 Bb4 30. Re5 Re8 31. Rf5+ Kg8 32. g5 h5 33. Ne5 Bd2 34. g6
Bc8 35. Rf7 Rc1+ 36. Kg2 h4 37. h3 Bb4 38. Nc6 Bf8 39. Nxa5 Be6 40. Rfb7 Bf5 41.
Nb3 Be4+ 42. f3 Rc2+ 43. Kf1 Bxf3 44. Na5 Rc1+ 45. Kf2 Be2 46. Kg2 Bd3 47. Rb8
Re2+ 48. Kf3 Rf1+ 49. Kg4 Rg2+ 50. Kxh4 Rf4+ 0-1

[Event "AUTO-OPEN-3120"]
[Site "http://www.queenalice.com/game.php?id=1231937"]
[Date "2013.11.12"]
[Round "1"]
[White "jwb"]
[Black "ishamael13"]
[Result "0-1"]
[WhiteElo "1811"]
[BlackElo "2099"]

1. d4 Nf6 2. Nc3 e6 3. Bf4 Bb4 4. e3 Nd5 5. Ne2 Nc6 6. a3 Be7 7. Nxd5 exd5 8.
Nc3 O-O 9. Nxd5 d6 10. c4 Be6 11. Qb3 b6 12. Nxe7+ Qxe7 13. d5 Na5 14. Qd3 Bd7
15. b4 Nb7 16. a4 c5 17. bxc5 Nxc5 18. Qb1 Nxa4 19. Qc2 Nc5 20. Bd3 Nxd3+ 21.
Qxd3 a6 22. Ke2 Rfe8 23. h4 Qf6 24. h5 Qxf4 25. g3 Bg4+ 0-1

[Event "AUTO-OPEN-3120"]
[Site "http://www.queenalice.com/game.php?id=1231938"]
[Date "2013.11.12"]
[Round "1"]
[White "ishamael13"]
[Black "jwb"]
[Result "1-0"]
[WhiteElo "2088"]
[BlackElo "1872"]

1. c4 Nf6 2. Nc3 e6 3. Nf3 d5 4. cxd5 Nxd5 5. Qb3 b6 6. e4 Nxc3 7. dxc3 Bb7 8.
Bg5 Be7 9. Rd1 Nd7 10. Bb5 c6 11. Ne5 Bxg5 12. Rxd7 Qc8 13. Rxf7 Bf6 14. Nc4 Be7
15. Ne5 Bf6 16. Rxb7 Bxe5 17. Ba6 Bc7 18. Rxa7 Qd8 19. Qxe6+ Kf8 20. Bc4 1-0

[Event "AUTO-OPEN-3120"]
[Site "http://www.queenalice.com/game.php?id=1231939"]
[Date "2013.11.12"]
[Round "1"]
[White "jwb"]
[Black "carito30236"]
[Result "0-1"]
[WhiteElo "1807"]
[BlackElo "1793"]

1. d4 Nf6 2. Nc3 d5 3. Nf3 h6 4. Bf4 a6 5. e3 Bg4 6. h3 Bxf3 7. Qxf3 e6 8. Bd3
Nc6 9. O-O-O Bd6 10. Bg3 Bxg3 11. Qxg3 O-O 12. h4 b5 13. e4 dxe4 14. Nxe4 Nxd4
15. Rd2 Nf5 16. Nxf6+ Qxf6 17. Qf3 Nd4 18. Qe4 g6 19. h5 Kg7 20. hxg6 Rh8 21.
gxf7 Kxf7 22. Rh5 Rab8 23. Bf1 Rbd8 24. Rd3 Qxf2 0-1

[Event "AUTO-OPEN-3120"]
[Site "http://www.queenalice.com/game.php?id=1231940"]
[Date "2013.11.12"]
[Round "1"]
[White "carito30236"]
[Black "jwb"]
[Result "1-0"]
[WhiteElo "1810"]
[BlackElo "1790"]

1. Nf3 d5 2. d4 Nf6 3. Nc3 b6 4. Bg5 h6 5. Bxf6 exf6 6. h3 c5 7. Qd2 c4 8. e4
Bb4 9. a3 Bxc3 10. Qxc3 O-O 11. O-O-O dxe4 12. Nd2 Bf5 13. g4 Bh7 14. Bxc4 Kh8
15. Rde1 Re8 16. Bxf7 Re7 17. Bb3 Rc7 18. Qe3 a5 19. f3 Qc8 20. c3 a4 21. Bd5
Ra5 22. f4 Rxd5 23. f5 Rb5 24. Nxe4 1-0

[Event "AUTO-OPEN-3120"]
[Site "http://www.queenalice.com/game.php?id=1231941"]
[Date "2013.11.12"]
[Round "1"]
[White "jwb"]
[Black "betofortaleza"]
[Result "0-1"]
[WhiteElo "1775"]
[BlackElo "1814"]

1. d4 d5 2. Nf3 Bf5 3. Bf4 e6 4. e3 a6 5. c4 dxc4 6. Bxc4 Bb4+ 7. Nc3 Bg4 8.
Qa4+ Nc6 9. Ne5 Ne7 10. Nxg4 b5 11. Bxb5 axb5 12. Qxb5 Qd7 13. O-O O-O 14. Qg5
Ng6 15. Ne4 f6 16. Ngxf6+ gxf6 17. Nxf6+ Rxf6 18. h4 Rf5 19. Qg3 Kf7 20. Bxc7
Rg8 21. Qh2 e5 22. Bb6 exd4 23. e4 Rf4 24. h5 Rh4 25. Qg3 Rg4 26. Qb3+ Ke8 27.
Qxg8+ Nf8 28. Qh8 Rxg2+ 29. Kxg2 Qg4+ 0-1

[Event "AUTO-OPEN-3120"]
[Site "http://www.queenalice.com/game.php?id=1231942"]
[Date "2013.11.12"]
[Round "1"]
[White "betofortaleza"]
[Black "jwb"]
[Result "1-0"]
[WhiteElo "1795"]
[BlackElo "1865"]

1. e4 Nc6 2. d4 d5 3. e5 e6 4. Nf3 Be7 5. Bd3 Nb4 6. a3 Nxd3+ 7. Qxd3 a5 8. Nc3
b6 9. Be3 Ba6 10. Qd2 f6 11. h4 h5 12. Nh2 fxe5 13. dxe5 Bxh4 14. Nf3 Be7 15.
Nd4 Bb7 16. Nxe6 Qd7 17. Nf4 h4 18. Nfxd5 h3 19. gxh3 Rxh3 20. Rxh3 Bxd5 21.
Nxd5 Qxh3 22. Nxc7+ Kf7 23. O-O-O Rd8 24. Nd5 Qf3 25. Bxb6 Rb8 26. Nxe7 Rxb6 27.
Nxg8 Kxg8 28. Qd8+ 1-0

[Event "AUTO-ADV-3004"]
[Site "http://www.queenalice.com/game.php?id=1232174"]
[Date "2013.11.13"]
[Round "1"]
[White "Champignac"]
[Black "jwb"]
[Result "1-0"]
[WhiteElo "1850"]
[BlackElo "1754"]

1. c4 Nf6 2. Nc3 e6 3. g3 d5 4. Bg2 d4 5. Nb5 a6 6. Na3 Nbd7 7. d3 Bb4+ 8. Bd2
Bxa3 9. bxa3 O-O 10. Nf3 Nc5 11. O-O Re8 12. Ne5 Rb8 13. Bg5 h6 14. Bd2 b5 15.
Nc6 Qd6 16. Nxb8 e5 17. Nc6 e4 18. Nb4 exd3 19. exd3 a5 20. Nc2 bxc4 21. dxc4
Ba6 22. Bxa5 1-0

[Event "AUTO-ADV-3004"]
[Site "http://www.queenalice.com/game.php?id=1232175"]
[Date "2013.11.13"]
[Round "1"]
[White "jwb"]
[Black "Champignac"]
[Result "0-1"]
[WhiteElo "1742"]
[BlackElo "1862"]

1. d4 d5 2. Nf3 Bg4 3. Bf4 Nf6 4. e3 e6 5. h3 Bf5 6. Bd3 Bd6 7. Ne5 O-O 8. O-O
Ne4 9. Nd2 c5 10. c3 c4 11. Bc2 f6 12. Ng4 Nxd2 13. Qxd2 Bxg4 14. hxg4 Bxf4 15.
exf4 Nd7 16. g3 g6 17. f5 exf5 18. gxf5 g5 19. Kg2 Rf7 20. Rh1 Kg7 21. Rh5 Rf8
0-1

[Event "AUTO-ADV-3004"]
[Site "http://www.queenalice.com/game.php?id=1232186"]
[Date "2013.11.13"]
[Round "1"]
[White "cunningsloth"]
[Black "jwb"]
[Result "1-0"]
[WhiteElo "1963"]
[BlackElo "1846"]

1. d4 Nf6 2. c4 e6 3. Nf3 c5 4. d5 exd5 5. cxd5 b6 6. Nc3 Bb7 7. e4 d6 8. Bd3
Be7 9. Bf4 Nh5 10. Be3 O-O 11. Qc2 Nd7 12. g4 Nhf6 13. O-O-O Nxg4 14. Bd2 Nxf2
15. Rhg1 Nxd1 16. Nxd1 Ne5 17. Nxe5 dxe5 18. Ne3 a5 19. Nf5 a4 20. Bh6 Bf6 21.
Nxg7 Bxg7 22. Bxg7 Qd7 23. Bf6+ 1-0

[Event "AUTO-ADV-3004"]
[Site "http://www.queenalice.com/game.php?id=1232187"]
[Date "2013.11.13"]
[Round "1"]
[White "jwb"]
[Black "cunningsloth"]
[Result "0-1"]
[WhiteElo "1761"]
[BlackElo "1974"]

1. d4 Nf6 2. Nf3 c5 3. Bf4 cxd4 4. Nxd4 d6 5. e3 e5 6. Bb5+ Bd7 7. Bxd7+ Qxd7 8.
Bg5 exd4 9. Bxf6 gxf6 10. exd4 Qe6+ 11. Qe2 Nc6 12. Qxe6+ fxe6 13. Kd2 Nxd4 14.
c3 Bh6+ 15. Kd3 Nf5 16. Nd2 Rg8 17. g3 d5 18. Rhe1 e5 19. f4 Nxg3 20. hxg3 Rxg3+
21. Kc2 Bxf4 22. Rg1 O-O-O 23. Rxg3 Bxg3 24. Rh1 Rh8 0-1

[Event "AUTO-ADV-3004"]
[Site "http://www.queenalice.com/game.php?id=1232192"]
[Date "2013.11.13"]
[Round "1"]
[White "ACamargo"]
[Black "jwb"]
[Result "1-0"]
[WhiteElo "1968"]
[BlackElo "1835"]

1. d4 Nf6 2. c4 d5 3. Nc3 e6 4. e3 c5 5. Nf3 cxd4 6. Nxd4 e5 7. Nb3 Bb4 8. Bd2
O-O 9. a3 Bxc3 10. Bxc3 Nc6 11. Rc1 Be6 12. c5 Ne4 13. Be2 d4 14. exd4 Qf6 15.
d5 Rad8 16. O-O Rxd5 17. Qe1 Qg6 18. Bf3 Bf5 19. Bxe4 Bxe4 20. f3 Bf5 21. Bb4
Bh3 22. Rf2 Rfd8 23. Kh1 Be6 24. Bc3 Nd4 25. Bxd4 exd4 26. Na5 b6 27. Nc6 Rc8
28. Ne7+ 1-0

[Event "AUTO-ADV-3004"]
[Site "http://www.queenalice.com/game.php?id=1232193"]
[Date "2013.11.13"]
[Round "1"]
[White "jwb"]
[Black "ACamargo"]
[Result "0-1"]
[WhiteElo "1824"]
[BlackElo "1892"]

1. d4 d5 2. Nf3 e6 3. Bf4 h6 4. e3 Nf6 5. c4 c6 6. a3 Bd6 7. Bg3 Bxg3 8. fxg3
O-O 9. Bd3 a6 10. O-O b5 11. c5 Re8 12. Ne5 Qc7 13. Qc2 Nbd7 14. Rf3 Nxe5 15.
dxe5 Qxe5 16. Nc3 Ra7 17. Raf1 d4 18. Ne4 Nxe4 19. Bxe4 dxe3 20. Rxe3 Qc7 21.
Bh7+ Kh8 22. Rd1 g6 23. Bxg6 fxg6 24. Qxg6 Qg7 25. Qxg7+ Kxg7 26. Re5 Rf7 27.
Rd4 Ref8 28. h3 Rf5 29. Rg4+ Kh7 30. Re2 Rxc5 0-1